Missing Word: Songs by Female Country Singers III Quiz Stats

 Plays Quiz Updated Jan 26, 2018

Score 0/20 Timer 05:00
0 Plays Today
Hint Answer % Correct
Sheryl CrowFirst
89.3%
Faith HillWay
86.6%
Sheryl CrowAll
85%
Sheryl CrowSun
81.4%
Faith HillNever
80.8%
Sheryl CrowHappy
79.6%
Kellie PicklerKnow
78.4%
Faith HillThis
70.2%
Martina McBrideEyes
66.7%
Martina McBrideBaby
55%
Hint Answer % Correct
Kellie PicklerDays
46.8%
Kellie PicklerHeels
45.5%
Kellie PicklerThings
43.9%
Faith HillGirl
41.2%
Faith HillThere
35.7%
Martina McBrideThrough
32.3%
Sheryl CrowChange
29.5%
Martina McBrideSafe
23.1%
Martina McBrideAngels
20.1%
Kellie PicklerGypsy
5.4%

Today's Daily Dose

You're not logged in!

Compare scores with friends on all Sporcle quizzes.
OR
Log In

You Might Also Like...

Show Comments

Extras

Top Quizzes Today


Score Distribution

Your Account Isn't Verified!

In order to create a playlist on Sporcle, you need to verify the email address you used during registration. Go to your Sporcle Settings to finish the process.

Report this User

Report this user for behavior that violates our Community Guidelines.

Details: